000 00718nam a2200277Ia 4500
005 20260324150303.0
008 008 260324s9999 xx 000 0 eng d
020 _a9781315852386
037 _aEBOOK
040 _aCRL
040 _beng
040 _cCRL
041 _2eng
041 _aeng
084 _qCRL
100 _aWilliam Walker Chambers; John Ritchie Wilkie
_91225910
245 2 _aA Short History of the German Language (RLE Linguistics E: Indo-European Linguistics)
260 _bTaylor and Francis
260 _c1970
365 _a
365 _b180
856 _uhttp://www.taylorfrancis.com/books/9781315852386
942 _cEBOOK
999 _c1835088
_d1835088